Research in the age of the steady-state university / (Record no. 65980)
[ view plain ]
| 000 -LEADER | |
|---|---|
| fixed length control field | 01058nam a2200289 a 4500 |
| 001 - CONTROL NUMBER | |
| control field | 65980 |
| 003 - CONTROL NUMBER IDENTIFIER | |
| rucl marc code | BD-RjUL |
| 005 - DATE AND TIME OF LATEST TRANSACTION | |
| control field | 20211209081504.0 |
| 008 - FIXED-LENGTH DATA ELEMENTS--GENERAL INFORMATION | |
| fixed length control field | 170313s1982 cou b 000 0 eng |
| 020 ## - INTERNATIONAL STANDARD BOOK NUMBER | |
| International Standard Book Number | 0865313806 |
| 035 ## - SYSTEM CONTROL NUMBER | |
| System control number | (BD-RjUL)66110 |
| 040 ## - CATALOGING SOURCE | |
| Original cataloging agency | DLC |
| Transcribing agency | DLC |
| Modifying agency | BD-RjUL |
| Language of cataloging | eng |
| 041 ## - LANGUAGE CODE | |
| Language code of text/sound track or separate title | eng |
| 082 00 - DEWEY DECIMAL CLASSIFICATION NUMBER | |
| Classification number | 001.40973 |
| Edition number | 23 |
| Author mark and year | RES 1982 |
| 245 00 - TITLE STATEMENT | |
| Title | Research in the age of the steady-state university / |
| Statement of responsibility, etc. | edited by Don I. Phillips and Benjamin S.P. Shen. |
| 260 ## - PUBLICATION, DISTRIBUTION, ETC. (IMPRINT) | |
| Place of publication, distribution, etc. | Boulder, Colo. : |
| Name of publisher, distributor, etc. | Westview Press for the American Association for the Advancement of Science, |
| Date of publication, distribution, etc. | 1982. |
| 300 ## - PHYSICAL DESCRIPTION | |
| Pagination | xvi, 113 p. ; |
| Size | 24 cm. |
| 504 ## - BIBLIOGRAPHY, ETC. NOTE | |
| Bibliography, etc | Includes bibliographical references. |
| 650 #0 - SUBJECT ADDED ENTRY--TOPICAL TERM | |
| Topical term or geographic name as entry element | Research |
| Geographic subdivision | United States |
| General subdivision | Congresses. |
| 9 (RLIN) | 195154 |
| Topical term or geographic name as entry element | Universities and colleges |
| Geographic subdivision | United States |
| General subdivision | Congresses. |
| 9 (RLIN) | 181346 |
| 700 1# - ADDED ENTRY--PERSONAL NAME | |
| Personal name | Phillips, Don I. |
| Personal name | Shen, Benjamin Shih Ping, |
| Dates associated with a name | 1931- |
| 830 ## - SERIES ADDED ENTRY--UNIFORM TITLE | |
| Uniform title | AAAS selected symposium |
| 942 ## - ADDED ENTRY ELEMENTS (KOHA) | |
| Source of classification or shelving scheme | Dewey Decimal Classification |
| Koha item type | Books |
| Lost status | Source of classification or shelving scheme | Damaged status | Not for loan | Collection code | Permanent Location | Current Location | Shelving location | Date acquired | Source of acquisition | Total Checkouts | Full call number | Date last seen | Copy number | Koha item type |
|---|---|---|---|---|---|---|---|---|---|---|---|---|---|---|
| Dewey Decimal Classification | Not For Loan | Non-fiction | Central Library, University of Rajshahi | Central Library, University of Rajshahi | Reading Room | 24/07/1994 | Asia Foundation | 001.40973 RES 1982 | 13/03/2017 | C-1 | Books |